Welcome to CU Library Online Public Access Catalogue (OPAC)

Getting Started with Policy Governance: (Record no. 9126)

MARC details
000 -LEADER
fixed length control field 00526nam a22001577a 4500
005 - DATE AND TIME OF LATEST TRANSACTION
control field 20260318204642.0
008 - FIXED-LENGTH DATA ELEMENTS--GENERAL INFORMATION
fixed length control field 260318b |||||||| |||| 00| 0 eng d
020 ## - INTERNATIONAL STANDARD BOOK NUMBER
International Standard Book Number 9780787987138
050 ## - LIBRARY OF CONGRESS CALL NUMBER
Classification number HD2745
Item number .O45
100 ## - MAIN ENTRY--PERSONAL NAME
Personal name Oliver, Caroline
245 ## - TITLE STATEMENT
Title Getting Started with Policy Governance:
Remainder of title bringing purpose, integrity, and efficiency to your board
Statement of responsibility, etc. Caroline Oliver, foreword by John Carver
260 ## - PUBLICATION, DISTRIBUTION, ETC.
Place of publication, distribution, etc. San Francisco
Name of publisher, distributor, etc. Jossey-Bass
Date of publication, distribution, etc. 2009
300 ## - PHYSICAL DESCRIPTION
Extent xxiv. 225p.
Dimensions 23.5cm
700 ## - ADDED ENTRY--PERSONAL NAME
Personal name Carver, John
942 ## - ADDED ENTRY ELEMENTS (KOHA)
Source of classification or shelving scheme Library of Congress Classification
Koha item type Books
Suppress in OPAC No
999 ## -
-- 9126
-- 9126
Holdings
Withdrawn status Lost status Source of classification or shelving scheme Damaged status Not for loan Collection Home library Current library Shelving location Date acquired Total checkouts Full call number Barcode Date last seen Copy number Price effective from Koha item type
    Library of Congress Classification     Non-fiction Business Library (Miotso) Business Library (Miotso) General stacks 03/18/2026   HD2745 .O45 OLI BSSM00002942 03/18/2026 1 03/18/2026 Books
    Library of Congress Classification     Non-fiction Business Library (Miotso) Business Library (Miotso) General stacks 03/18/2026   HD2745 .O45 OLI BSSM00002943 03/18/2026 2 03/18/2026 Books
    Library of Congress Classification     Non-fiction Business Library (Miotso) Business Library (Miotso) General stacks 03/18/2026   HD2745 .O45 OLI BSSM00002944 03/18/2026 3 03/18/2026 Books
© 2023-2024 Copyright: Central University Libraries. All Rights Reserved | Created by: Mahone Tech Office